000
00270nam a22001217a 4500
008
170313b xxu||||| |||| 00| 0 eng d
041
_a
eng
080
_a
531
100
_a
7
101
_a
SHM
245
_a
THE SECTRET LIFE OF THE FOREST
_c
KETCHUM.R.M
942
_2
udc
_c
BK
999
_c
7690
_d
7690